[Event "Olongapo City Puregold op-B"]
[Site "Olongapo City"]
[Date "2015.11.20"]
[Round "6"]
[White "Morsalim, Salahudin"]
[Black "Aviles, Ferdinand"]
[Result "1-0"]
[WhiteElo "1750"]
[BlackElo "1988"]
[PlyCount "33"]
[EventDate "2015.11.17"]
[EventType "swiss"]
[EventRounds "9"]
[EventCountry "PHI"]
[SourceTitle "EXT 2017"]
[Source "ChessBase"]
[SourceDate "2016.10.25"]
[SourceVersion "1"]
[SourceVersionDate "2016.10.25"]
[SourceQuality "1"]

1. d4 d5 2. c4 e6 3. Nf3 Nf6 4. Nc3 Be7 5. Bf4 0-0 6. e3 c5 7. h3 cxd4 8. Nxd4 a6 9. Bd3 Qa5 10. cxd5 Nxd5 11. 0-0 Nxc3 12. bxc3 Bf6 13. Nb3 Qxc3 14. Rc1 Qb4 15. Bd6 Qb6 16. Bxf8 Qd8 17. Qc2 1-0

[Event "Olongapo City op-B"]
[Site "Olongapo City"]
[Date "2015.11.13"]
[Round "8"]
[White "Bagamasbad, Efren"]
[Black "Aviles, Ferdinand"]
[Result "0-1"]
[WhiteElo "2164"]
[BlackElo "2044"]
[PlyCount "85"]
[EventDate "2015.11.09"]
[EventType "swiss"]
[EventRounds "10"]
[EventCountry "PHI"]
[SourceTitle "EXT 2017"]
[Source "ChessBase"]
[SourceDate "2016.10.25"]
[SourceVersion "1"]
[SourceVersionDate "2016.10.25"]
[SourceQuality "1"]

1. c4 e6 2. Nf3 d5 3. g3 Nf6 4. Bg2 Be7 5. 0-0 0-0 6. b3 c5 7. Bb2 Nc6 8. e3 b6 9. d4 Bb7 10. Nbd2 Rc8 11. Re1 Qc7 12. Qb1 Rfd8 13. dxc5 Bxc5 14. Bxf6 gxf6 15. cxd5 Rxd5 16. Ne4 Be7 17. Qb2 Qd8 18. Nc3 Rd7 19. Red1 Nb4 20. Rxd7 Qxd7 21. Rd1 Qc6 22. Nb1 Nd3 23. Qd4 Qc2 24. Rf1 Nxf2 25. Ne1 Nh3+ 26. Bxh3 Qxb1 27. Qd7 Qe4 28. Bg2 Qxe3+ 29. Kh1 Bxg2+ 30. Nxg2 Qc5 31. Qxa7 Rd8 32. Qb7 Rd2 33. Qa8+ Kg7 34. Nf4 Qc2 35. Ng2 Qxa2 36. Qb7 Rf2 37. Rg1 Bc5 38. b4 Bd4 39. Qe4 Qd2 40. Rb1 f5 41. Qc6 e5 42. Qd5 e4 43. Rg1 0-1